Common bacterial infections in infancy & childhood (Record no. 7608)
[ view plain ]
| 000 -LEADER | |
|---|---|
| fixed length control field | 00407nam a22001577a 4500 |
| 005 - DATE AND TIME OF LATEST TRANSACTION | |
| control field | 20170822175010.0 |
| 008 - FIXED-LENGTH DATA ELEMENTS--GENERAL INFORMATION | |
| fixed length control field | 140109b xxu||||| |||| 00| 0 eng d |
| 020 ## - INTERNATIONAL STANDARD BOOK NUMBER | |
| International Standard Book Number | 0909337039 |
| 040 ## - CATALOGING SOURCE | |
| Original cataloging agency | BSU |
| Transcribing agency | BSU |
| 082 ## - DEWEY DECIMAL CLASSIFICATION NUMBER | |
| Edition number | 22 |
| Classification number | 618.92 MAR |
| 245 ## - TITLE STATEMENT | |
| Title | Common bacterial infections in infancy & childhood |
| 260 ## - PUBLICATION, DISTRIBUTION, ETC. (IMPRINT) | |
| Place of publication, distribution, etc | New York |
| Name of publisher, distributor, etc | ADIS press |
| Date of publication, distribution, etc | 1979 |
| 300 ## - PHYSICAL DESCRIPTION | |
| Extent | xv;140p |
| Dimensions | 25cm |
| 658 ## - INDEX TERM--CURRICULUM OBJECTIVE | |
| Main curriculum objective | medicine |
| 942 ## - ADDED ENTRY ELEMENTS (KOHA) | |
| Source of classification or shelving scheme | Dewey Decimal Classification |
| Item type | Books |
| Withdrawn status | Lost status | Source of classification or shelving scheme | Damaged status | Not for loan | Collection code | Home library | Current library | Shelving location | Date acquired | Source of acquisition | Total Checkouts | Full call number | Barcode | Date last seen | Copy number | Price effective from | Koha item type |
|---|---|---|---|---|---|---|---|---|---|---|---|---|---|---|---|---|---|
| Dewey Decimal Classification | Main Library | Main Library | 09/01/2005 | Donation | 618.92 MAR | 6011 | 09/01/2014 | 1 | 09/01/2014 | Books | |||||||
| Dewey Decimal Classification | Main Library | Main Library | 09/01/2007 | Donation | 618.92 MAR | 13784 | 09/01/2014 | 2 | 09/01/2014 | Books | |||||||
| Dewey Decimal Classification | Main Library | Main Library | 09/01/2005 | Donation | 618.92 MAR | 6010 | 09/01/2014 | 3 | 09/01/2014 | Books | |||||||
| Dewey Decimal Classification | Main Library | Main Library | 09/01/2007 | Donation | 618.92 MAR | 13417 | 09/01/2014 | 4 | 09/01/2014 | Books | |||||||
| Dewey Decimal Classification | Main Library | Main Library | 09/01/2007 | Donation | 618.92 MAR | 12890 | 09/01/2014 | 5 | 09/01/2014 | Books | |||||||
| Dewey Decimal Classification | Main Library | Main Library | 09/01/2007 | Donation | 618.92 MAR | 3087 | 09/01/2014 | 6 | 09/01/2014 | Books |